[Event "2.BLS 1718 SC Böblingen - TSV Schönai"]
[Site "?"]
[Date "2017.10.23"]
[Round "2.6"]
[White "Schuh, Karsten"]
[Black "Hirneise, Jens"]
[Result "0-1"]
[WhiteElo "2219"]
[BlackElo "2359"]
[PlyCount "112"]
[EventDate "2017.??.??"]

1. c4 g6 2. g3 Bg7 3. Bg2 Nf6 4. Nc3 O-O 5. Nf3 d6 6. O-O Nc6 7. d3 e5 8. Rb1
a5 9. a3 h6 10. b4 axb4 11. axb4 Be6 12. b5 Ne7 13. Bb2 Qd7 14. Qb3 Bh3 15. c5
Bxg2 16. Kxg2 dxc5 17. Nxe5 Qd6 18. Nc4 Qe6 19. b6 Nf5 20. bxc7 Qc6+ 21. e4 Nd4
22. Qb6 Rac8 23. Qxc6 bxc6 24. Ba3 Ne6 25. Na4 Nd7 26. Rb7 Bd4 27. Rfb1 Rxc7
28. Rxc7 Nxc7 29. Rb7 Nb5 30. Bc1 Nf6 31. Bxh6 Ra8 32. Ncb6 Re8 33. Bg5 Ng4 34.
f3 Ne5 35. f4 Nd6 36. Re7 Nxd3 37. e5 Rxe7 38. Bxe7 Nf5 39. Bd6 f6 40. Nc4 fxe5
41. Bxe5 Kf7 42. Kf3 Ke6 43. Bb8 Bg1 44. Kg2 Ne3+ 45. Nxe3 Bxe3 46. Nb6 Nb2 47.
Be5 Bd4 48. Bxd4 cxd4 49. Kf3 Kd6 50. h4 Kc7 51. Na8+ Kb7 52. f5 gxf5 53. h5
Nd3 54. h6 Ne5+ 55. Kf4 Nf7 56. h7 c5 0-1

[Event "2.BLS 1718 SC Böblingen - TSV Schönai"]
[Site "?"]
[Date "2017.10.23"]
[Round "2.7"]
[White "Plenca, Julijan"]
[Black "Bauer, Peter"]
[Result "1/2-1/2"]
[WhiteElo "2416"]
[BlackElo "2199"]
[PlyCount "157"]
[EventDate "2017.??.??"]

1. e4 e5 2. Nf3 Nc6 3. d4 exd4 4. Nxd4 Bc5 5. Nb3 Bb6 6. Nc3 d6 7. Qe2 Nf6 8.
Be3 Bxe3 9. Qxe3 O-O 10. O-O-O Re8 11. f3 a6 12. g4 b5 13. g5 Nd7 14. h4 Nb6
15. Bd3 Ne5 16. f4 Nec4 17. Qg3 Bb7 18. g6 fxg6 19. h5 b4 20. hxg6 Qf6 21. Na4
Bc6 22. e5 dxe5 23. Nxb6 Nxb6 24. fxe5 Qxe5 25. Qxe5 Rxe5 26. gxh7+ Kh8 27.
Rhf1 Bb5 28. Rf5 Re7 29. Bxb5 axb5 30. Rxb5 Rxa2 31. Rxb4 Kxh7 32. Rh4+ Kg8 33.
Rd8+ Kf7 34. Rf4+ Kg6 35. Rg4+ Kf7 36. Rf4+ Kg6 37. Rd1 Ra4 38. Rg1+ Kh7 39.
Rf2 Rae4 40. Nc5 Re2 41. Rf4 Rh2 42. Ne4 Nd7 43. b3 Kg8 44. Ng5 Rh6 45. Rd1 Rg6
46. Rf5 Rf6 47. Ra5 Rf8 48. Ra6 Rf6 49. Ra7 Nf8 50. Rd5 g6 51. Rc5 Rf1+ 52. Kb2
Rg1 53. b4 Rg4 54. b5 Rb4+ 55. Ka3 Rb1 56. Ka2 Rb4 57. c3 Rg4 58. Kb3 Rg1 59.
Ra8 Kg7 60. Nf3 Rg3 61. Nd4 Rd7 62. Rc4 Re3 63. Rc8 Ree7 64. Nc6 Re1 65. Nb8
Rf7 66. R4xc7 Rb1+ 67. Kc4 g5 68. Rxf7+ Kxf7 69. Nc6 Nd7 70. Rd8 Nb6+ 71. Kd4
Rxb5 72. Rb8 Rb2 73. Ne5+ Kg7 74. Nd3 Rb1 75. c4 g4 76. Ke4 Nxc4 77. Rxb1 Nd2+
78. Kf4 Nxb1 79. Kxg4 1/2-1/2

[Event "2.BLS 1718 SC Böblingen - TSV Schönai"]
[Site "?"]
[Date "2017.10.23"]
[Round "2.8"]
[White "Schwab, Matthias"]
[Black "Koelle, Tobias"]
[Result "1-0"]
[WhiteElo "2148"]
[BlackElo "2008"]
[PlyCount "141"]
[EventDate "2017.??.??"]

1. d4 d5 2. c4 c6 3. cxd5 cxd5 4. Nc3 Nf6 5. Bf4 e6 6. e3 Be7 7. Bd3 O-O 8. Nf3
a6 9. h3 b5 10. O-O Bb7 11. Qe2 Nbd7 12. a4 b4 13. Nb1 Ne4 14. Nbd2 a5 15. Rfc1
Rc8 16. Nb3 Qb6 17. Bxe4 dxe4 18. Nfd2 Ba6 19. Qh5 f5 20. Qd1 Nf6 21. Rxc8 Rxc8
22. Rc1 Bd8 23. Rxc8 Bxc8 24. Qc1 Bd7 25. Nc5 Qc6 26. Qc4 Nd5 27. Be5 Nb6 28.
Qa6 Nxa4 29. Qxc6 Bxc6 30. Nxe6 Nxb2 31. Nxd8 Bd5 32. Nc6 Bxc6 33. d5 Bxd5 34.
Bxb2 Kf7 35. Kf1 Ke6 36. Bxg7 Kd6 37. Ke2 Kc5 38. Kd1 Kb5 39. Kc2 a4 40. g4
fxg4 41. hxg4 a3 42. Nb3 Ka4 43. Nc5+ Kb5 44. Nd7 b3+ 45. Kc1 b2+ 46. Bxb2
axb2+ 47. Kxb2 Be6 48. Nf6 h6 49. Kc3 Kc5 50. Nxe4+ Kd5 51. f3 Ke5 52. Nc5 Bc8
53. Nd3+ Kf6 54. Kd4 Kg5 55. Ne5 Be6 56. f4+ Kf6 57. Ke4 Bc8 58. f5 Kg5 59.
Nf7+ Kxg4 60. Nxh6+ Kg5 61. Nf7+ Kf6 62. Nd6 Ba6 63. Kf4 Ke7 64. Ke5 Bf1 65.
Ne4 Kf8 66. Kf6 Bc4 67. Ng5 Bb3 68. e4 Bc4 69. e5 Bg8 70. e6 Bf7 71. Nxf7 1-0

[Event "2.BLS 1718 SC Viernheim - SC Untergromb"]
[Site "?"]
[Date "2017.10.23"]
[Round "2.1"]
[White "Brunner, Nicolas"]
[Black "Amin, Bassem"]
[Result "1/2-1/2"]
[WhiteElo "2464"]
[BlackElo "2698"]
[PlyCount "40"]
[EventDate "2017.??.??"]

1. d4 Nf6 2. c4 e6 3. Nf3 Bb4+ 4. Nc3 b6 5. e3 Ne4 6. Qc2 Bb7 7. Bd3 f5 8. O-O
Bxc3 9. bxc3 O-O 10. Nd2 Qh4 11. f3 Nxd2 12. Bxd2 Nc6 13. Rab1 d6 14. e4 f4 15.
e5 dxe5 16. Rfe1 Rf6 17. d5 exd5 18. cxd5 Ne7 19. c4 Rh6 20. h3 Qh5 1/2-1/2

[Event "2.BLS 1718 SC Viernheim - SC Untergromb"]
[Site "?"]
[Date "2017.10.23"]
[Round "2.2"]
[White "Smirin, Ilia"]
[Black "Velten, Paul"]
[Result "1/2-1/2"]
[WhiteElo "2635"]
[BlackElo "2444"]
[PlyCount "69"]
[EventDate "2017.??.??"]

1. e4 c6 2. d4 d5 3. exd5 cxd5 4. Bd3 Nc6 5. c3 Qc7 6. Ne2 g6 7. Bf4 Qb6 8. Na3
a6 9. Qb3 Qd8 10. O-O Nf6 11. h3 Bg7 12. Nb1 O-O 13. Nd2 Nh5 14. Bh2 e5 15.
dxe5 Nxe5 16. Bxe5 Bxe5 17. Nf3 Bc7 18. Rfe1 Qd6 19. Rad1 Nf6 20. Ned4 Bd7 21.
Rf1 b5 22. Rde1 Rae8 23. a3 Rxe1 24. Rxe1 Re8 25. Rxe8+ Bxe8 26. Qc2 Bd7 27.
Qe2 Kg7 28. Qd2 Qf4 29. Qe1 Ne4 30. g3 Qd6 31. Bxe4 dxe4 32. Qxe4 Bxh3 33. Ng5
Bc8 34. Qa8 Qd8 35. Ngf3 1/2-1/2

[Event "2.BLS 1718 SC Viernheim - SC Untergromb"]
[Site "?"]
[Date "2017.10.23"]
[Round "2.3"]
[White "Maier, Christian"]
[Black "Kovalenko, Igor"]
[Result "0-1"]
[WhiteElo "2399"]
[BlackElo "2630"]
[PlyCount "82"]
[EventDate "2017.??.??"]

1. e4 c5 2. Nf3 d6 3. d4 cxd4 4. Nxd4 Nf6 5. Nc3 a6 6. Bd3 g6 7. Bg5 Bg7 8. Qd2
h6 9. Be3 Ng4 10. O-O-O Nxe3 11. Qxe3 Nc6 12. Nde2 b5 13. f4 Rb8 14. e5 b4 15.
Ne4 dxe5 16. fxe5 Qb6 17. Qxb6 Rxb6 18. e6 Bxe6 19. Nf4 Ne5 20. Nxe6 Nxd3+ 21.
Rxd3 Rxe6 22. Nc5 Rc6 23. Nd7 e6 24. Re1 Ke7 25. Ne5 Bxe5 26. Rxe5 Rhc8 27. Re2
Rc5 28. a3 a5 29. axb4 axb4 30. Rd4 Rc4 31. Rxc4 Rxc4 32. Kd2 Rd4+ 33. Ke3 e5
34. Re1 f5 35. Ra1 f4+ 36. Ke2 Kf6 37. c3 bxc3 38. bxc3 Rd6 39. Ra8 Kf5 40. Rc8
g5 41. h3 Ra6 0-1

[Event "2.BLS 1718 SC Viernheim - SC Untergromb"]
[Site "?"]
[Date "2017.10.23"]
[Round "2.4"]
[White "Anton Guijarro, David"]
[Black "Fuchs, Heinz"]
[Result "1/2-1/2"]
[WhiteElo "2651"]
[BlackElo "2251"]
[PlyCount "114"]
[EventDate "2017.??.??"]

1. d4 d5 2. c4 c6 3. Nf3 Nf6 4. Nc3 e6 5. Qb3 Be7 6. Bg5 Nbd7 7. e3 O-O 8. Be2
b6 9. O-O h6 10. Bh4 Bb7 11. Rfd1 Ne4 12. Bxe7 Qxe7 13. a4 Nxc3 14. bxc3 dxc4
15. Qxc4 c5 16. a5 cxd4 17. cxd4 Rac8 18. Qb3 Bd5 19. Qb1 Rc7 20. axb6 Nxb6 21.
Ne5 Rb8 22. Rc1 Rxc1+ 23. Qxc1 Rc8 24. Qb1 Rc7 25. h3 Nd7 26. Nd3 Be4 27. Qb3
Bxd3 28. Qxd3 Nb6 29. Qe4 Qd6 30. Bd3 g6 31. g3 Kg7 32. Be2 Nd5 33. Bf3 Nb6 34.
Ra6 Rc1+ 35. Kg2 Rc7 36. Qb1 Kh7 37. h4 Kg7 38. Qa1 Qe7 39. Ra5 Nc4 40. Ra6 Nb6
41. h5 g5 42. d5+ Qf6 43. dxe6 Qxa1 44. Rxa1 fxe6 45. g4 Kf6 46. Kg3 Nd7 47.
Be4 Nc5 48. Bg6 Nd7 49. Ra6 Nc5 50. Ra5 Nd7 51. Be4 Nc5 52. Bb1 Ke7 53. Ra3 Kf6
54. Bg6 Rb7 55. Ra5 Rc7 56. Ra3 Rb7 57. Ra2 Rc7 1/2-1/2

[Event "2.BLS 1718 SC Viernheim - SC Untergromb"]
[Site "?"]
[Date "2017.10.23"]
[Round "2.5"]
[White "Sieglen, Joachim"]
[Black "Maze, Sebastien"]
[Result "0-1"]
[WhiteElo "2232"]
[BlackElo "2614"]
[PlyCount "82"]
[EventDate "2017.??.??"]

1. d4 Nf6 2. c4 g6 3. Nc3 Bg7 4. e4 d6 5. Nf3 O-O 6. Be2 Na6 7. O-O e5 8. Be3
c6 9. d5 Ng4 10. Bg5 f6 11. Bh4 c5 12. Ne1 h5 13. Nc2 Bd7 14. f3 Nh6 15. g4
hxg4 16. fxg4 Nf7 17. a3 Nc7 18. b4 Ne8 19. Rb1 b6 20. Kg2 Bh6 21. Bg3 Kg7 22.
Qd3 Rh8 23. Rf2 Bg5 24. Rh1 Bh4 25. Bxh4 Rxh4 26. Qg3 g5 27. Ne3 cxb4 28. axb4
a5 29. bxa5 Rxa5 30. Rb1 Nc7 31. Rxb6 Na6 32. Rb7 Bc8 33. Rb5 Nh8 34. Rxa5 Qxa5
35. Nf5+ Bxf5 36. exf5 Nc5 37. Rf1 Nf7 38. Rb1 Rh8 39. Qe3 Qa3 40. Qd2 Ne4 41.
Nxe4 Qh3+ 0-1

[Event "2.BLS 1718 SC Viernheim - SC Untergromb"]
[Site "?"]
[Date "2017.10.23"]
[Round "2.6"]
[White "Libiszewski, Fabien"]
[Black "Schneider, Bernd"]
[Result "1-0"]
[WhiteElo "2537"]
[BlackElo "2291"]
[PlyCount "97"]
[EventDate "2017.??.??"]

1. e4 c5 2. Nf3 e6 3. d4 cxd4 4. Nxd4 a6 5. c4 Nf6 6. Nc3 Qc7 7. Be2 Bb4 8. O-O
O-O 9. Qd3 Nc6 10. Bg5 Re8 11. Rad1 Be7 12. Nxc6 dxc6 13. f4 h6 14. Bxf6 Bxf6
15. e5 Be7 16. Ne4 c5 17. Qg3 Rd8 18. Rxd8+ Qxd8 19. Rd1 Qc7 20. Bh5 Bf8 21.
Nf6+ Kh8 22. Ne8 Qe7 23. Nd6 g6 24. Bf3 Rb8 25. h4 Bd7 26. Bxb7 a5 27. b3 a4
28. h5 gxh5 29. Rd3 axb3 30. axb3 Be8 31. Bf3 h4 32. Qf2 f6 33. Qxc5 Bg6 34.
Re3 Qd8 35. Kh2 Rb6 36. Qd4 Bxd6 37. c5 fxe5 38. fxe5 Bc7 39. Qxd8+ Bxd8 40.
cxb6 Bxb6 41. Re2 Bf5 42. b4 Kg7 43. b5 Bd4 44. Kh1 Kf7 45. Be4 Bg4 46. Rd2
Bxe5 47. b6 Ke7 48. b7 Bc7 49. Ra2 1-0

[Event "2.BLS 1718 SC Viernheim - SC Untergromb"]
[Site "?"]
[Date "2017.10.23"]
[Round "2.7"]
[White "Cofman, Veaceslav"]
[Black "Beikert, Guenther"]
[Result "0-1"]
[WhiteElo "2181"]
[BlackElo "2416"]
[PlyCount "102"]
[EventDate "2017.??.??"]

1. d4 Nf6 2. Nf3 e6 3. c4 c5 4. d5 exd5 5. cxd5 d6 6. Nc3 g6 7. g3 Bg7 8. Bg2
O-O 9. O-O b6 10. h3 Ba6 11. Qa4 Qe8 12. Qh4 Nbd7 13. Bg5 Qe7 14. Rfe1 Rfe8 15.
Rad1 b5 16. e4 Qf8 17. e5 dxe5 18. Nxe5 Rxe5 19. Rxe5 h6 20. Bf4 Nxe5 21. Bxh6
b4 22. Bxg7 Qxg7 23. f4 Ned7 24. d6 Re8 25. Nb1 Bb5 26. Nd2 Qh7 27. Qxh7+ Kxh7
28. b3 Kg7 29. g4 Re3 30. Nf3 Be2 31. Re1 Rxf3 32. Bxf3 Bxf3 33. g5 Nh5 34. Kf2
Bc6 35. Ke3 Ng3 36. Rd1 Kf8 37. Kf2 Ne4+ 38. Kg1 Nb6 39. h4 Nd5 40. d7 Ke7 41.
f5 Kxd7 42. h5 gxh5 43. g6 fxg6 44. fxg6 Ke6 45. a3 a5 46. axb4 axb4 47. Rf1
Ndf6 48. Ra1 Kf5 49. g7 Kg6 50. g8=Q+ Nxg8 51. Ra6 Ne7 0-1

[Event "2.BLS 1718 SC Viernheim - SC Untergromb"]
[Site "?"]
[Date "2017.10.23"]
[Round "2.8"]
[White "Meinhardt, Maximilian"]
[Black "Florea, Dan"]
[Result "1-0"]
[WhiteElo "2383"]
[BlackElo "2267"]
[PlyCount "61"]
[EventDate "2017.??.??"]

1. e4 e6 2. d4 d5 3. Bd3 dxe4 4. Bxe4 Nf6 5. Bf3 c5 6. Ne2 Nc6 7. Be3 cxd4 8.
Nxd4 Nxd4 9. Qxd4 Qxd4 10. Bxd4 Bb4+ 11. c3 Be7 12. c4 O-O 13. Nc3 Nd7 14. O-O
Bc5 15. Bxc5 Nxc5 16. Rfd1 Rb8 17. b4 Nd7 18. Nb5 a6 19. Nd6 Ne5 20. Be2 Bd7
21. a4 Rfd8 22. b5 Kf8 23. c5 a5 24. f4 Ng6 25. Bf3 Bc8 26. g3 Ke7 27. Nc4
Rxd1+ 28. Rxd1 Ra8 29. h4 Nf8 30. c6 bxc6 31. Bxc6 1-0

[Event "2.BLS 1718 FB Mörlenbach Bi - SC Eppin"]
[Site "?"]
[Date "2017.10.23"]
[Round "2.1"]
[White "Breder, Dennis"]
[Black "Kunin, Vitaly"]
[Result "0-1"]
[WhiteElo "2474"]
[BlackElo "2531"]
[PlyCount "102"]
[EventDate "2017.??.??"]

1. e4 d6 2. d4 Nf6 3. Nc3 Nbd7 4. f4 Nb6 5. g3 g6 6. Bg2 Bg7 7. a4 O-O 8. Nge2
Bg4 9. a5 Nbd7 10. e5 Ne8 11. Bxb7 c5 12. h3 Rb8 13. Bc6 cxd4 14. hxg4 dxc3 15.
Nxc3 Rc8 16. Bb7 Rc7 17. a6 dxe5 18. Nb5 Nd6 19. Nxc7 Qxc7 20. O-O Qb6+ 21. Kh2
Nxb7 22. axb7 Qxb7 23. c3 exf4 24. gxf4 e5 25. Qf3 Qb8 26. Kg2 exf4 27. Qxf4
Ne5 28. Ra4 f5 29. gxf5 gxf5 30. Re1 Qb7+ 31. Kh3 Ng6 32. Qe3 Be5 33. Rxa7 Qd5
34. Ra4 f4 35. Qe2 Qd7+ 36. Qg4 Qd3+ 37. Kg2 f3+ 38. Kf2 Qc2+ 39. Kf1 Qd3+ 40.
Kf2 Qc2+ 41. Kf1 h5 42. Qe6+ Rf7 43. Ra8+ Kg7 44. Qh3 f2 45. Bh6+ Kxh6 46. Rea1
Qxb2 47. Qe3+ Bf4 48. Qe6 Qb5+ 49. c4 Qg5 50. Qxf7 Qg1+ 51. Ke2 f1=Q+ 0-1

[Event "2.BLS 1718 FB Mörlenbach Bi - SC Eppin"]
[Site "?"]
[Date "2017.10.23"]
[Round "2.2"]
[White "Galdunts, Sergey"]
[Black "Noe, Christopher"]
[Result "1-0"]
[WhiteElo "2424"]
[BlackElo "2471"]
[PlyCount "81"]
[EventDate "2017.??.??"]

1. e4 e5 2. Nf3 Nc6 3. Nc3 Nf6 4. Bb5 Bc5 5. d3 d6 6. h3 a6 7. Bxc6+ bxc6 8.
O-O O-O 9. Ne2 Nh5 10. d4 exd4 11. Nexd4 h6 12. Re1 Bd7 13. e5 Bb6 14. g4 dxe5
15. Nxe5 Nf6 16. Ndxc6 Bxc6 17. Qxd8 Rfxd8 18. Nxc6 Re8 19. Be3 Bxe3 20. Rxe3
Rxe3 21. fxe3 Re8 22. Kf2 Ne4+ 23. Ke2 Re6 24. Nd4 Rb6 25. b3 Rf6 26. b4 Rf2+
27. Kd3 Nf6 28. a4 Rh2 29. a5 Nd5 30. b5 axb5 31. a6 Nb4+ 32. Ke4 Nxa6 33. Rxa6
c5 34. Nxb5 Rxc2 35. Nd6 Rf2 36. h4 Rf6 37. Kd5 Kh7 38. Ra7 Rg6 39. Ra4 Rf6 40.
Rf4 Re6 41. e4 1-0

[Event "2.BLS 1718 FB Mörlenbach Bi - SC Eppin"]
[Site "?"]
[Date "2017.10.23"]
[Round "2.3"]
[White "Mesaros, Florian"]
[Black "Dittmar, Peter"]
[Result "1-0"]
[WhiteElo "2409"]
[BlackElo "2266"]
[PlyCount "135"]
[EventDate "2017.??.??"]

1. Nf3 d5 2. d4 c5 3. c4 e6 4. Nc3 Nc6 5. cxd5 exd5 6. g3 c4 7. Bg2 Bb4 8. O-O
Nge7 9. Bd2 O-O 10. b3 cxb3 11. Qxb3 Ba5 12. Rfc1 Bb6 13. e3 Na5 14. Qd1 Nc4
15. Nxd5 Qxd5 16. Ne5 Nxe3 17. fxe3 Qd8 18. Bb4 Re8 19. Qf1 Be6 20. Bc5 Nd5 21.
Qf2 Qg5 22. e4 Nf6 23. Qf4 Qh6 24. Qxh6 gxh6 25. Nd3 Rad8 26. Bxb6 axb6 27. d5
Bg4 28. Re1 Bh5 29. Nf4 Re5 30. Rab1 Bg6 31. Rxb6 Nxd5 32. Rb5 Nxf4 33. Rxe5
Nxg2 34. Re2 Rd4 35. Kxg2 f6 36. Re7 Kf8 37. Rc7 Bxe4+ 38. Kf2 Bc6 39. Rxh7 Ra4
40. Rxh6 Kg7 41. Rh4 Ra3 42. Rf4 Bd5 43. Rd4 Bc6 44. Rb4 Rf3+ 45. Ke1 Rc3 46.
Re7+ Kg6 47. Rg4+ Kf5 48. Rf4+ Kg6 49. Re6 Rc1+ 50. Kd2 Ra1 51. Rexf6+ Kg7 52.
Rf7+ Kg8 53. Rf8+ Kg7 54. Ra8 Rh1 55. h4 Bd5 56. Ra5 Bxa2 57. Rg5+ Kh6 58. Rb4
Bf7 59. Rb6+ Kh7 60. Rxb7 Kh6 61. Rb6+ Kh7 62. Rf5 Be8 63. Ke3 Re1+ 64. Kf4 Bg6
65. Rff6 Bb1 66. Rf7+ Kg8 67. Rc7 Rf1+ 68. Kg5 1-0

[Event "2.BLS 1718 FB Mörlenbach Bi - SC Eppin"]
[Site "?"]
[Date "2017.10.23"]
[Round "2.4"]
[White "Legde, Georg"]
[Black "Medvegy, Zoltan"]
[Result "0-1"]
[WhiteElo "2312"]
[BlackElo "2550"]
[PlyCount "116"]
[EventDate "2017.??.??"]

1. d4 e6 2. Nf3 c5 3. c3 Nf6 4. Bf4 Be7 5. Nbd2 cxd4 6. cxd4 Nh5 7. Bg3 Nc6 8.
e3 h6 9. Bd3 Nxg3 10. hxg3 d6 11. Rc1 Bd7 12. a3 Rc8 13. Bb1 b5 14. Ne4 Na5 15.
Nfd2 Rxc1 16. Qxc1 Nc4 17. O-O O-O 18. b3 Nb6 19. Qb2 Qb8 20. Rc1 Rc8 21. Bd3
h5 22. Be2 g6 23. Rxc8+ Qxc8 24. Nc3 a6 25. b4 Qc7 26. Bd3 Bf8 27. Nce4 Na4 28.
Qc2 Qd8 29. Nb3 Nb6 30. Na5 Kg7 31. Qb2 Nd5 32. Nc3 Nf6 33. Ne4 Nd5 34. Nc3 Nf6
35. Ne4 Be7 36. Qc2 Qb6 37. Nxf6 Bxf6 38. Be4 e5 39. dxe5 Bxe5 40. Bd5 Bf5 41.
Qc1 Bf6 42. Bb7 Be6 43. Qc2 Be5 44. Qd3 Bf5 45. Be4 Bxe4 46. Qxe4 Qc7 47. Qc6
Qxc6 48. Nxc6 Kf6 49. Kf1 Bb2 50. Ke2 Bxa3 51. Kd3 Bb2 52. Kc2 Ba1 53. Kb1 Bc3
54. Kc2 Be1 55. f3 Bxg3 56. Kd3 Ke6 57. Nd4+ Kd7 58. Ke4 Be5 0-1

[Event "2.BLS 1718 FB Mörlenbach Bi - SC Eppin"]
[Site "?"]
[Date "2017.10.23"]
[Round "2.5"]
[White "Hacker, Jonas"]
[Black "Peter, Sebastien"]
[Result "1-0"]
[WhiteElo "2297"]
[BlackElo "2251"]
[PlyCount "103"]
[EventDate "2017.??.??"]

1. e4 e6 2. d4 d5 3. Nc3 Nf6 4. e5 Nfd7 5. f4 c5 6. Nf3 Nc6 7. Be3 a6 8. Qd2 b5
9. dxc5 Bxc5 10. Bd3 Qb6 11. Bf2 Bxf2+ 12. Qxf2 Qxf2+ 13. Kxf2 g6 14. Ne2 f5
15. Ned4 Nxd4 16. Nxd4 Nc5 17. b3 Bd7 18. h3 Kf7 19. g4 h6 20. Rag1 b4 21. Rg2
h5 22. gxf5 exf5 23. Ke3 Rac8 24. a3 a5 25. Ra1 Ra8 26. Nf3 Ne6 27. Ng5+ Nxg5
28. Rxg5 a4 29. bxa4 Rxa4 30. Rag1 bxa3 31. Rxg6 a2 32. Rg7+ Ke8 33. Ra1 d4+
34. Kd2 Ra3 35. Bc4 Rc3 36. Bd5 Rc5 37. Rxa2 Rxd5 38. Ra8+ Bc8 39. Rxc8+ Rd8
40. Rcc7 Kf8 41. Rgf7+ Kg8 42. Rfd7 Ra8 43. Rg7+ Kf8 44. e6 h4 45. Rce7 Rd8 46.
Kd3 Ra8 47. Kxd4 Rd8+ 48. Kc5 Rc8+ 49. Kb6 Rb8+ 50. Kc7 Ra8 51. Kb7 Rd8 52. c3
1-0

[Event "2.BLS 1718 FB Mörlenbach Bi - SC Eppin"]
[Site "?"]
[Date "2017.10.23"]
[Round "2.6"]
[White "Boehmer, Christian"]
[Black "Bilchinski, Anton"]
[Result "1/2-1/2"]
[WhiteElo "2157"]
[BlackElo "2309"]
[PlyCount "44"]
[EventDate "2017.??.??"]

1. e4 g6 2. d4 Bg7 3. Nc3 d6 4. Be3 a6 5. f4 b5 6. a3 Bb7 7. Nf3 Nd7 8. Bd3 c5
9. dxc5 Nxc5 10. Bxc5 dxc5 11. e5 Qc7 12. Qe2 Nh6 13. Be4 O-O 14. Ng5 Rad8 15.
Bxb7 Qxb7 16. Nce4 Qc8 17. O-O f6 18. Nf3 fxe5 19. fxe5 Ng4 20. Nf2 c4 21. Nxg4
Qxg4 22. Qe3 Rd5 1/2-1/2

[Event "2.BLS 1718 FB Mörlenbach Bi - SC Eppin"]
[Site "?"]
[Date "2017.10.23"]
[Round "2.7"]
[White "Gibicar, Danijel"]
[Black "Felgendreher, Heiko"]
[Result "1-0"]
[WhiteElo "2267"]
[BlackElo "2191"]
[PlyCount "89"]
[EventDate "2017.??.??"]

1. d4 Nf6 2. c4 g6 3. Nc3 d5 4. Bf4 Bg7 5. e3 c5 6. dxc5 Qa5 7. Rc1 dxc4 8.
Bxc4 O-O 9. Nge2 Qxc5 10. Qb3 Qa5 11. O-O e5 12. Bg5 Nbd7 13. f3 a6 14. Ne4 b5
15. Bxf7+ Kh8 16. Nd6 Qb6 17. Bd5 Nc5 18. Qc3 Nxd5 19. Qxc5 Be6 20. Rfd1 Qxc5
21. Rxc5 Nb6 22. b3 Rfb8 23. e4 h6 24. Be3 Nc8 25. Ne8 Bf8 26. Nc7 Bxc5 27.
Bxc5 Bf7 28. Nxa8 Rxa8 29. Rd8+ Kg7 30. Nc3 h5 31. Nd5 a5 32. Bf8+ Kh8 33. Bd6+
Kh7 34. Bc5 a4 35. b4 g5 36. a3 Kg7 37. Bf8+ Kh7 38. Bc5 Kg7 39. Kf2 Rb8 40. g3
Be6 41. Nc7 Bf7 42. Ke3 Kf6 43. f4 h4 44. fxe5+ Kxe5 45. Bd4# 1-0

[Event "2.BLS 1718 FB Mörlenbach Bi - SC Eppin"]
[Site "?"]
[Date "2017.10.23"]
[Round "2.8"]
[White "Schaefer, Michael"]
[Black "Hamid, Emran"]
[Result "0-1"]
[WhiteElo "2197"]
[BlackElo "2171"]
[PlyCount "120"]
[EventDate "2017.??.??"]

1. d4 Nf6 2. c4 e6 3. Nc3 Bb4 4. g3 Nc6 5. Nf3 O-O 6. Bg2 d6 7. O-O Bxc3 8.
bxc3 e5 9. dxe5 dxe5 10. Rb1 Qxd1 11. Rxd1 Rb8 12. Ng5 Bf5 13. e4 Bg6 14. f3 h6
15. Nh3 Rfd8 16. Be3 Nd7 17. c5 f6 18. Rd2 Bf7 19. Bf1 Kf8 20. Bb5 Ke7 21. Nf2
Na5 22. Rb4 Nf8 23. Rdb2 Ne6 24. Be2 b6 25. Ba6 Nc6 26. Rb5 Ng5 27. f4 Nh7 28.
R5b3 Bxb3 29. axb3 b5 30. c4 bxc4 31. Bxc4 Na5 32. Bd5 c6 33. Bd2 Rb5 34. Bxa5
Rxa5 35. Bxc6 Rxc5 36. Bd5 exf4 37. gxf4 Nf8 38. Ra2 Rd7 39. Nd3 Rc3 40. Nb4
Ng6 41. Nc6+ Kf8 42. f5 Ne7 43. Nxe7 Kxe7 44. Ra6 Rc2 45. h4 Rdc7 46. Bc4 Kd8
47. Kh1 Kc8 48. Kg1 Kb7 49. Re6 a5 50. Bd5+ Ka7 51. Bc4 Kb7 52. Bd5+ Kb8 53.
Ra6 Ra7 54. Rb6+ Kc7 55. Re6 Kd7 56. Bc4 Rxc4 57. bxc4 a4 58. Rb6 a3 59. Rb1 a2
60. Ra1 Kc6 0-1

[Event "2BLS 1718 SC Böblingen - OSG Baden Bad"]
[Site "?"]
[Date "2017.11.11"]
[Round "3.1"]
[White "Gozzoli, Yannick"]
[Black "Gaehwiler, Gabriel"]
[Result "1-0"]
[WhiteElo "2569"]
[BlackElo "2427"]
[PlyCount "151"]
[EventDate "2017.??.??"]

1. d4 Nf6 2. c4 e6 3. Nf3 d5 4. g3 dxc4 5. Bg2 Nc6 6. O-O Rb8 7. Bg5 Be7 8. e3
O-O 9. Qe2 b5 10. b3 cxb3 11. axb3 Bb7 12. Rc1 a6 13. Nbd2 Nb4 14. Ne5 Bxg2 15.
Kxg2 c5 16. dxc5 h6 17. Bxf6 Bxf6 18. Ndf3 Bxe5 19. Nxe5 Qd5+ 20. Nf3 Rfc8 21.
e4 Qd3 22. Qxd3 Nxd3 23. Rc3 Nb4 24. Ne1 Rc6 25. Nc2 Nxc2 26. Rxc2 Rd8 27. Rc3
Rd2 28. Kf3 b4 29. Rc4 Rd3+ 30. Ke2 Rxb3 31. Ra4 e5 32. Kd2 Ra3 33. Rxa3 bxa3
34. Kc3 Kf8 35. Kb4 Ke7 36. Kxa3 Kd7 37. Rc3 Rc7 38. Kb4 Kc6 39. Ra3 Ra7 40.
Ra5 Ra8 41. Kc4 Ra7 42. h4 f6 43. h5 Ra8 44. f4 Ra7 45. fxe5 fxe5 46. g4 Ra8
47. Kb4 Kb7 48. Kc3 Rf8 49. Kc4 Rd8 50. c6+ Kb6 51. Rxe5 Kxc6 52. g5 Kd6 53.
Ra5 Ke6 54. g6 Rd6 55. Rf5 Rd8 56. Rf7 Rd7 57. Rf8 Ke7 58. Ra8 Ke6 59. Kc5 Rd1
60. Re8+ Kd7 61. Rg8 Ke6 62. Rxg7 Rh1 63. Ra7 Rxh5+ 64. Kd4 Ra5 65. Ke3 Kf6 66.
g7 Rg5 67. Kf4 Rxg7 68. Rxa6+ Ke7 69. Rxh6 Rf7+ 70. Ke5 Rg7 71. Re6+ Kd7 72.
Ra6 Re7+ 73. Kd5 Ke8 74. Re6 Kf7 75. Rxe7+ Kxe7 76. Ke5 1-0

[Event "2BLS 1718 SC Böblingen - OSG Baden Bad"]
[Site "?"]
[Date "2017.11.11"]
[Round "3.2"]
[White "Kuklin, Valentin"]
[Black "Riff, Jean-Noel"]
[Result "1/2-1/2"]
[WhiteElo "2380"]
[BlackElo "2508"]
[PlyCount "48"]
[EventDate "2017.??.??"]

1. e4 c5 2. Nc3 d6 3. g3 Nc6 4. Bg2 g6 5. d3 Bg7 6. Be3 e5 7. Nge2 Nge7 8. Qd2
Nd4 9. O-O h5 10. f4 h4 11. fxe5 Bxe5 12. Nf4 hxg3 13. hxg3 Bg4 14. Rae1 Ne6
15. Ncd5 Nxf4 16. Bxf4 Be6 17. c3 Bxf4 18. Nf6+ Kf8 19. Qxf4 Nc6 20. d4 cxd4
21. cxd4 Nxd4 22. e5 Nf5 23. g4 dxe5 24. Qe4 Qd4+ 1/2-1/2

[Event "2BLS 1718 SC Böblingen - OSG Baden Bad"]
[Site "?"]
[Date "2017.11.11"]
[Round "3.3"]
[White "Burri, Quentin"]
[Black "Vujic, Branimir"]
[Result "1-0"]
[WhiteElo "2393"]
[BlackElo "2347"]
[PlyCount "69"]
[EventDate "2017.??.??"]

1. e4 d5 2. exd5 Nf6 3. d4 Nxd5 4. c4 Nb6 5. Nc3 e5 6. dxe5 Qxd1+ 7. Nxd1 Nc6
8. f4 Be6 9. Ne3 Bc5 10. Nf3 Bxe3 11. Bxe3 Nxc4 12. Bc1 O-O-O 13. b3 Nb6 14.
Be2 Nd5 15. Bd2 Ndb4 16. Bxb4 Nxb4 17. O-O Nc2 18. Rac1 Nd4 19. Nxd4 Rxd4 20.
f5 Bd7 21. Bc4 Re4 22. e6 fxe6 23. fxe6 Bxe6 24. Bxe6+ Rxe6 25. Rf7 c6 26. Rxg7
Rg6 27. Rxg6 hxg6 28. Rf1 a5 29. Rf7 Rd8 30. h4 Rd4 31. g3 a4 32. bxa4 Rxa4 33.
Rg7 Rxa2 34. Rxg6 Kc7 35. h5 1-0

[Event "2BLS 1718 SC Böblingen - OSG Baden Bad"]
[Site "?"]
[Date "2017.11.11"]
[Round "3.4"]
[White "Ortmann, David"]
[Black "Schmaltz, Roland"]
[Result "0-1"]
[WhiteElo "2312"]
[BlackElo "2489"]
[PlyCount "74"]
[EventDate "2017.??.??"]

1. Nf3 Nf6 2. c4 g6 3. Nc3 Bg7 4. e4 d6 5. d4 O-O 6. Be2 e5 7. O-O Nc6 8. d5
Ne7 9. b4 Ne8 10. c5 f5 11. Nd2 Nf6 12. f3 f4 13. a4 g5 14. Nc4 Ng6 15. Ba3 Rf7
16. b5 dxc5 17. Bxc5 h5 18. a5 g4 19. Kh1 g3 20. b6 Nh7 21. bxa7 Qh4 22. Bg1
Bh3 23. gxh3 Qxh3 24. Rf2 gxf2 25. Bxf2 Ng5 26. Nd2 Kh7 27. Qb3 Qc8 28. Rc1 Nh3
29. Bc5 Bf8 30. d6 Rg7 31. Bc4 cxd6 32. Bb6 d5 33. Nxd5 Bc5 34. Nf6+ Kh8 35.
Rf1 Nh4 36. Ng4 Rxg4 37. fxg4 Qxg4 0-1

[Event "2BLS 1718 SC Böblingen - OSG Baden Bad"]
[Site "?"]
[Date "2017.11.11"]
[Round "3.5"]
[White "Drabke, Lorenz Maximilian"]
[Black "Tran, Thanh Kien"]
[Result "1-0"]
[WhiteElo "2453"]
[BlackElo "2224"]
[PlyCount "57"]
[EventDate "2017.??.??"]

1. e4 c5 2. Nf3 d6 3. Bc4 Nf6 4. d3 e6 5. Bb3 Be7 6. O-O O-O 7. c3 Nc6 8. Nbd2
b6 9. Re1 Ba6 10. Bc2 Qc7 11. Nf1 Rae8 12. Bf4 Ne5 13. Rc1 Ng6 14. Bd2 Rc8 15.
Ng3 Rfe8 16. d4 cxd4 17. cxd4 Qb8 18. h4 Nf8 19. h5 h6 20. Bf4 Red8 21. Qd2 e5
22. Nf5 Qb7 23. Bxh6 Nxh5 24. Bxg7 Nxg7 25. Nh6+ Kh7 26. Nxf7 Kg8 27. Bb3 Nfe6
28. Nxd8 Rxd8 29. Qh6 1-0